|
|
|
|
| LEADER |
00000cam a2200000 a 4500 |
| 001 |
UCF2877 |
| 003 |
CL-VaPUC |
| 008 |
120910e20090000BL |||||||||||||||||por|d |
| 020 |
|
|
|a 9788534931007
|
| 082 |
0 |
4 |
|a 189.2
|b BEZ
|2 21
|
| 100 |
0 |
|
|a Bezerra, Cícero Cunha
|e author
|9 564714
|
| 245 |
1 |
0 |
|a Dionísio Pseudo-Areopagita: Mística e Neoplatonismo
|
| 300 |
|
|
|a 156 p
|
| 942 |
|
|
|c BK
|
| 945 |
|
|
|d 20120910 00:00:00
|a dcastane
|
| 260 |
|
|
|a Sao Paulo
|b Paulus
|c 2009
|
| 650 |
|
0 |
|a Filosofía medieval
|9 256245
|
| 650 |
|
0 |
|a Patrística
|9 322007
|
| 583 |
|
|
|a last modification
|c 20120910 11:39:00
|k Rodrigo Vera
|
| 490 |
0 |
|
|a Filosofia
|
| 999 |
|
|
|c 349415
|d 349413
|